000 00272nam a2200109Ia 4500
005 20251222143313.0
008 251222s9999||||xx |||||||||||||| ||spa||
082 _a351.88/J94
245 0 _aLa Justicia de Paz en Debate
264 _bInstituto de Defensa Legal
942 _cLIB
999 _c15805
_d15805